LEADER 01259nas a2200277 4500 001 000000352561 003 CaOOAMICUS 005 20250926125051.0 008 221223c19879999it uu 0 0ita r 040 $aSeMil$bita 245 00$aBiblioteca medievale $h[generale di collana]. 246 0 $aBiblioteca medievale. Testi 246 0 $aBiblioteca medievale. Saggi 264 1$aRoma :$bCarocci,$c1987- 300 $av. ;$c19 cm 362 0 $a1(1987)- 500 $aContiene le sezioni: Testi e Saggi. La numerazione č quella della collana 500 $aLa numerazione č quella della collana 830 0$aBiblioteca medievale .$0(OLS)http://semarc/title/442432 850 $aSeMil 852 $aSeMil$W1$xVenegono$y1$mVedi "Titolo uniforme di collana" per le collocazioni dei singoli volumi$j222888$qSottoscrizione meritevole$B243771$CSeMilBibl$Z2$F243771 $81 996 $6245$aBiblioteca medievale $h[generale di collana]$9(OLS)http://semarc/title/442435 996 $6246$aBiblioteca medievale. Testi$9(OLS)http://semarc/title/442434 996 $6246$aBiblioteca medievale. Saggi$9(OLS)http://semarc/title/34775 996 $6264$aRoma :$bCarocci$9(OLS)http://semarc/publisher/31977 LEADER 01042nam a2200253 i 4500 001 000000188867 003 CaOOAMICUS 005 20100423000000.0 008 100423s1970 it u000 u ita u 013 $a167101 040 $aSeMil$bita 100 1 $aFemiano, Samuel D.$0(OLS)http://semarc/name/69169 240 10$aInfallibility of the laity.$0(OLS)http://semarc/title/271884 245 12$aL'infallibilitā dei laici :$bl'ereditā di Newman /$cSamuel D. Femiano. 260 $aMilano :$bIPL,$c1970. 300 $a170 p. ;$c22 cm. 490 0 $aStudi e opinioni 600 14$aNewman, John Henry <1801-1890>.$0(OLS)http://semarc/subject/2835 650 4$aLaicato.$0(OLS)http://semarc/subject/6802 830 0$aStudi e opinioni.$0(OLS)http://semarc/title/7658 850 $aSeMil 852 $aSeMil$W1$xVenegono$y1$m2X IV 165$j139504$B139504$CSeMilBibl$Z2$F151126 $81 996 $6245$aL'infallibilitā dei laici :$bl'ereditā di Newman$9(OLS)http://semarc/title/271883 996 $6260$aMilano :$bIPL$9(OLS)http://semarc/publisher/30350